Guess the Tate McRae song #1 - Statistics

General Stats
  • This quiz has been taken 309 times
  • The average score is 149 of 265
Answer Stats
% Correct
I
96%
(I
96%
you
93%
You
93%
you?"
93%
me
82%
me,
82%
He
76%
my
69%
your
69%
an
67%
love
67%
to
67%
know
66%
So
66%
so
66%
(so,
66%
so)
66%
want
65%
don't
62%
like
62%
said,
62%
said
62%
that
62%
That
62%
and
61%
what
60%
"Are
58%
I'm
58%
"I'm
58%
is
58%
Just
58%
just
58%
but
57%
greedy
57%
of
57%
would
57%
can't
55%
Can't
55%
yeah
55%
yeah,
55%
Yeah,
55%
you're
55%
Baby,
54%
all
53%
get
52%
myself
52%
myself)
52%
not
51%
say,
51%
this
51%
tell
50%
well
50%
believe
49%
hell
49%
please
49%
ta-
49%
(ta-
49%
ta-)
49%
yourself
49%
at
48%
been
48%
I'll
48%
put
48%
sure
48%
through
47%
hate
46%
how
46%
if
46%
keep
46%
serious?
46%
shit
46%
still
46%
end
45%
for
45%
I've
45%
night
45%
out
45%
won't
45%
about
44%
never
44%
Or
44%
or
44%
loo-
43%
(loo-
43%
loo-)
43%
real
43%
see
43%
talkin',
43%
got
42%
next
42%
some
42%
figure
41%
much
41%
comin'
40%
mouth
40%
tried,
40%
lookin'
39%
age
37%
did
37%
name
37%
past
37%
down,
36%
half
36%
runnin'
36%
someone
36%
check",
35%
crazy,
35%
you'll
35%
eyein'
34%
around
33%
met
33%
act?
32%
curious,
32%
effect?"
32%
escape
32%
"Lemme
32%
sweet
32%
(Uh
32%
uh,
32%
uh
32%
uh)
32%
room
31%
Obvious
27%
Ooh,
19%
Drive
17%
No matching quizzes found
Score Distribution
Percent of People with Each Score
Percentile by Number Answered
Your Score History
You have not taken this quiz